[Event "TCh-FRA Top 12 2017"]
[Site "Chartres FRA"]
[Date "2017.05.26"]
[Round "9.4"]
[White "Laznicka,V"]
[Black "Flear,G"]
[Result "1-0"]
[WhiteElo "2672"]
[BlackElo "2439"]

1.c4 e6 2.Nf3 d5 3.g3 dxc4 4.Qa4+ Bd7 5.Qxc4 c5 6.Ne5 Nc6 7.Nxd7 Qxd7 8.Bg2
Rc8 9.O-O Nf6 10.Qa4 b6 11.Nc3 Be7 12.d3 O-O 13.Bd2 Rfd8 14.Rfd1 Nd4 15.Qxd7
Rxd7 16.Kf1 g6 17.Rab1 Kg7 18.Rdc1 h5 19.h3 Rdd8 20.Be1 Ne8 21.e3 Nc6 22.d4
Nb4 23.dxc5 Rxc5 24.Rd1 Nd3 25.Bd2 f5 26.e4 Kf7 27.Be3 Rcc8 28.exf5 gxf5
29.Nb5 Rc2 30.Nxa7 Nxb2 31.Rdc1 Rxc1+ 32.Rxc1 Nd3 33.Rd1 Nb4 34.Rxd8 Bxd8
35.a4 Nd6 36.Bf3 Kg6 37.Be2 Ne4 38.Bc4 Nc2 39.Bc1 Nc5 40.Bb5 h4 41.Nc6 Bf6
42.gxh4 Bxh4 43.Bf4 Na3 44.Ne5+ Kg7 45.Be3 Nxb5 46.axb5 Be7 47.Nc4 Ne4 48.Bxb6
Kf7 49.Bd4 Ke8 50.f3 Ng3+ 51.Kf2 Nh5 52.b6 Bh4+ 53.Kf1 Kd7 54.b7 Kc7 55.Na5
Bg3 56.Ba7 {#r} 1-0

[Event "TCh-FRA Top 12 2017"]
[Site "Chartres FRA"]
[Date "2017.05.26"]
[Round "9.4"]
[White "Shoker,S"]
[Black "Ouakhir,M"]
[Result "1-0"]
[WhiteElo "2498"]
[BlackElo "2277"]

1.Nf3 d5 2.c4 c6 3.g3 Nf6 4.Bg2 e6 5.b3 Nbd7 6.Bb2 Bd6 7.O-O O-O 8.Nc3 Re8
9.d4 dxc4 10.bxc4 e5 11.e3 exd4 12.exd4 b6 13.Ng5 Bb7 14.c5 Be7 15.Qb3 Rf8
16.Rfe1 Rb8 17.cxb6 axb6 18.Rad1 Nd5 19.Nxd5 Bxg5 20.Nb4 Qc7 21.d5 cxd5
22.Nxd5 Bxd5 23.Bxd5 Nc5 24.Qc4 h5 25.Be5 Qa7 26.Bb2 Qc7 27.h4 Rfe8 28.g4 Bh6
29.g5 Qf4 {#r} 1-0

[Event "36th Zalakaros Open 2017"]
[Site "Zalakaros HUN"]
[Date "2017.05.23"]
[Round "6.36"]
[White "Jarmula,L"]
[Black "Krykun,Yuriy"]
[Result "1-0"]
[WhiteElo "2469"]
[BlackElo "2308"]

1.Nf3 Nf6 2.c4 e6 3.g3 d5 4.Bg2 dxc4 5.Qa4+ c6 6.Qxc4 b5 7.Qc2 Bb7 8.a4 b4
9.O-O c5 10.d3 Nc6 11.Be3 Rc8 12.Nbd2 Nd4 13.Bxd4 cxd4 14.Qd1 Bc5 15.Nb3 a5
16.Rc1 Bxf3 17.Bxf3 Bb6 18.Rxc8 Qxc8 19.Qd2 O-O 20.Rc1 Qb8 21.Qc2 Qd6 22.Qc4
Rb8 23.Qb5 Qd8 24.Rc6 Ne8 25.Qe5 Rc8 26.Rxc8 Qxc8 27.Nxa5 Qc5 28.Qxc5 Bxc5
29.Kf1 Nd6 30.Ke1 Bb6 31.Nc6 b3 32.a5 Bc5 33.Kd2 Nb5 34.e3 Kf8 35.Bd1 Ke8
36.Bxb3 Kd7 37.Ne5+ Ke7 38.Ba4 Na7 39.a6 f6 40.Nf3 e5 41.exd4 exd4 42.Kc2 Nc8
43.Kb3 Nd6 44.Bc6 Kd8 45.Ka4 Kc7 46.b4 Bb6 47.b5 Nf7 48.Nd2 Ne5 49.Be4 g6
50.f4 Ng4 51.f5 Nxh2 52.fxg6 hxg6 53.Bxg6 Ng4 54.Ne4 Ne5 55.Nxf6 {#r} 1-0

[Event "36th Zalakaros Open 2017"]
[Site "Zalakaros HUN"]
[Date "2017.05.26"]
[Round "9.41"]
[White "Gara,T"]
[Black "Pujari,R"]
[Result "1-0"]
[WhiteElo "2329"]
[BlackElo "2203"]

1.Nf3 d5 2.c4 e6 3.g3 Nf6 4.Bg2 c6 5.O-O Nbd7 6.d4 Bd6 7.b3 a5 8.Nc3 Qe7 9.Nd2
O-O 10.e4 e5 11.cxd5 exd4 12.dxc6 dxc3 13.cxd7 Bxd7 14.Nc4 Bc5 15.e5 Ng4 16.h3
Nxf2 17.Rxf2 Bxf2+ 18.Kxf2 Rfd8 19.Qd6 Qxd6 20.Nxd6 Bc6 21.Bxc6 bxc6 22.Be3 a4
23.b4 Rab8 24.Bc5 Rd7 25.Rc1 Re7 26.Nc4 Re6 27.Rxc3 f6 28.Ra3 fxe5 29.Rxa4 Rd8
30.Ra3 Rd1 31.Rf3 h6 32.a4 Rc1 33.Ne3 Re8 34.Ke2 Ra1 35.a5 Rd8 36.Rf1 Ra2+
37.Kf3 Kf7 38.Ke4+ Ke6 39.Rf5 Rd5 40.Rf8 Re2 41.a6 {#r} 1-0

[Event "Deltalift Open 2017"]
[Site "Tylosand SWE"]
[Date "2017.05.25"]
[Round "4.6"]
[White "Jepson,C"]
[Black "Brzezinski,A"]
[Result "1-0"]
[WhiteElo "2429"]
[BlackElo "2129"]

1.Nf3 Nf6 2.c4 e6 3.g3 d5 4.Bg2 c6 5.O-O Nbd7 6.d4 Be7 7.Qc2 Ne4 8.Nbd2 f5
9.b3 O-O 10.Bb2 Nxd2 11.Qxd2 b6 12.Rac1 a5 13.Qe3 Nf6 14.Ne5 Ng4 15.Nxg4 fxg4
16.f4 Bd7 17.Qd3 Be8 18.e4 Bg6 19.Qe2 h5 20.exd5 exd5 21.Qe6+ Bf7 22.Qxc6 Rc8
23.Qb5 dxc4 24.bxc4 Bf6 25.d5 Re8 26.Rf2 Rc5 27.Qb3 Qd6 28.Bxf6 Qxf6 29.Rd1
Rec8 30.Bf1 h4 31.gxh4 Qxh4 32.Qg3 Qxg3+ 33.hxg3 b5 34.cxb5 Bxd5 35.b6 Bf3
36.Rb1 Rh5 37.Bg2 Bxg2 38.Kxg2 Rb8 39.Rc2 Kf7 40.b7 Rhh8 41.Rc7+ Kf6 42.Rb6+
Kf5 43.Re7 {#r} 1-0

[Event "26th Chicago Open 2017"]
[Site "Chicago USA"]
[Date "2017.05.26"]
[Round "2.36"]
[White "Arjun,V"]
[Black "Rizzitano,J"]
[Result "1-0"]
[WhiteElo "2157"]
[BlackElo "2296"]
[EventType "swiss"]

1.c4 e6 2.Nf3 d5 3.g3 Nf6 4.Bg2 c6 5.d4 Bb4+ 6.Bd2 Bd6 7.Nc3 O-O 8.Qc2 Nbd7
9.O-O Qe7 10.Rfe1 dxc4 11.Bg5 h6 12.Bxf6 Nxf6 13.Nd2 e5 14.d5 cxd5 15.Nxd5
Nxd5 16.Bxd5 Rd8 17.Nxc4 Bc5 18.Qe4 Bf5 19.Qxf5 Rxd5 20.Rad1 Rad8 21.Rxd5 Rxd5
22.Rc1 g6 23.Qe4 Qe6 24.Ne3 Bxe3 25.Qxe3 Ra5 26.Qd2 Ra6 27.Qd8+ Kg7 28.Rc8 g5
29.Qh8+ Kg6 30.Rg8+ Kh5 31.h4 f6 32.Qh7 Rc6 33.f3 gxh4 34.g4+ {#r} 1-0

[Event "26th Chicago Open 2017"]
[Site "Chicago USA"]
[Date "2017.05.27"]
[Round "5.14"]
[White "Friedel,J"]
[Black "Thavandiran,S"]
[Result "1-0"]
[WhiteElo "2528"]
[BlackElo "2363"]
[EventType "swiss"]

1.Nf3 Nf6 2.c4 e6 3.g3 c5 4.Bg2 a6 5.Nc3 Qc7 6.O-O d6 7.b3 Be7 8.Bb2 O-O 9.d4
cxd4 10.Nxd4 Re8 11.Rc1 Nbd7 12.Qd2 Nf8 13.Rfd1 Bd7 14.e4 Ng6 15.Ba3 Rad8
16.Nc2 Bc8 17.Ne3 Rf8 18.Na4 Ne8 19.Bb4 Qb8 20.Ba5 Nc7 21.f4 Rfe8 22.Nb6 Nf8
23.Kh1 Nd7 24.Nxc8 Qxc8 25.Qb2 Bf8 26.Bc3 Nc5 27.Qc2 Qb8 28.b4 Nd7 29.a4 b5
30.cxb5 axb5 31.a5 Na6 32.Qb2 Rc8 33.Bd2 Nf6 34.Rxc8 Rxc8 35.Rc1 Ne8 36.Rxc8
Qxc8 37.Qc2 Qd7 38.h4 Nec7 39.Qd3 d5 40.Nc2 Qe8 41.Bc3 h6 42.f5 dxe4 43.Bxe4
exf5 44.Bxf5 Qc6+ 45.Be4 Qe6 46.Bh7+ Kh8 47.Bf5 Qd5+ 48.Be4 Qe6 49.Kg2 Qa2
50.Qd7 Qe6 51.Qxe6 fxe6 52.Bb7 Bd6 53.h5 Kg8 54.Kf3 Kf7 55.g4 g6 56.Ke4 gxh5
57.gxh5 Kf8 58.Bd2 Kg7 59.Kd4 Kh7 60.Kc3 Kg7 61.Kb3 e5 62.Ne3 {#r} 1-0

[Event "26th Chicago Open 2017"]
[Site "Chicago USA"]
[Date "2017.05.28"]
[Round "6.4"]
[White "Belous,V"]
[Black "Harmon-Vellotti,Luke"]
[Result "0-1"]
[WhiteElo "2587"]
[BlackElo "2449"]
[EventType "swiss"]

1.Nf3 Nf6 2.c4 e6 3.g3 a6 4.d3 b5 5.e4 d6 6.b3 c5 7.Bg2 Bb7 8.O-O Be7 9.Bb2
O-O 10.e5 dxe5 11.Nxe5 Bxg2 12.Kxg2 Qc7 13.Qf3 Nbd7 14.Nxd7 Nxd7 15.Nc3 Rab8
16.Ne4 Qb7 17.Rfe1 Rfd8 18.Rad1 Bf8 19.h4 h6 20.g4 g6 21.g5 h5 22.Re2 e5 23.b4
cxb4 24.cxb5 axb5 25.d4 Bg7 26.dxe5 Re8 27.Rd6 Re6 28.Nf6+ Nxf6 29.Rxe6 Nd5
30.Rd6 Nf4+ 31.Kg3 Nxe2+ 32.Qxe2 Re8 33.f4 Qc8 34.Bd4 Qf5 35.Rd5 Ra8 36.Bb2
Rxa2 37.Rxb5 Rxb2 38.Rb8+ Kh7 39.Qxb2 Qg4+ {#R} 0-1

[Event "chess.com Speed 5m+2spm 2017"]
[Site "chess.com INT"]
[Date "2017.05.25"]
[Round "1.6"]
[White "Giri,A"]
[Black "So,W"]
[Result "1-0"]
[WhiteElo "2785"]
[BlackElo "2815"]

1.Nf3 d5 2.g3 Nf6 3.Bg2 e6 4.O-O Be7 5.c4 O-O 6.Ne5 Nbd7 7.d4 c6 8.Nc3 Nxe5
9.dxe5 Nd7 10.cxd5 exd5 11.f4 Re8 12.Be3 Bc5 13.Bxc5 Nxc5 14.Qd2 f6 15.exf6
Qxf6 16.b4 Ne4 17.Nxe4 dxe4 18.Qe3 a5 19.b5 cxb5 20.Qb3+ Kh8 21.Qxb5 Qd4+
22.Kh1 Bg4 23.Rae1 Qd2 24.h3 Be6 25.a3 Qe3 26.Kh2 b6 27.f5 Bf7 28.f6 g6 29.Rc1
Kg8 30.Rc7 Rf8 31.Re7 Qxa3 32.Qg5 {#r} 1-0

[Event "chess.com Speed 5m+2spm 2017"]
[Site "chess.com INT"]
[Date "2017.05.25"]
[Round "1.8"]
[White "Giri,A"]
[Black "So,W"]
[Result "1-0"]
[WhiteElo "2785"]
[BlackElo "2815"]

1.Nf3 Nf6 2.g3 d5 3.Bg2 e6 4.O-O Be7 5.c4 O-O 6.b3 c5 7.cxd5 Nxd5 8.Bb2 Nc6
9.d4 cxd4 10.Nxd4 Bd7 11.Nc3 Nxc3 12.Bxc3 Rc8 13.Qd3 Nxd4 14.Bxd4 Bc6 15.Be4
Bxe4 16.Qxe4 Qc7 17.Be3 Qc6 18.Qxc6 Rxc6 19.Rac1 a6 20.Rxc6 bxc6 21.Rc1 Rc8
22.Bc5 Kf8 23.Kg2 h5 24.Kf3 g6 25.h3 Bxc5 26.Rxc5 Ke7 27.g4 hxg4+ 28.hxg4 f6
29.Ra5 Ra8 30.g5 f5 31.e4 Kd6 32.e5+ Kc7 33.Ra4 c5 34.Rh4 Kc6 35.Ke3 a5 36.Rh6
Kd5 37.Rxg6 a4 38.Rg7 axb3 39.Rd7+ Kc4 40.axb3+ Kxb3 41.g6 c4 42.g7 c3 43.Rb7+
Kc2 44.Rc7 Rg8 45.Kf4 Kd2 46.Kg5 c2 47.Kf6 c1=Q 48.Rxc1 Kxc1 49.Kf7 Ra8 50.f4
Kd2 51.Kxe6 Ke3 52.Kxf5 Rg8 53.Kf6 Kxf4 54.e6 Ra8 55.e7 {#r} 1-0

[Event "10th KIIT Elite Open 2017"]
[Site "Bhubaneswar IND"]
[Date "2017.05.27"]
[Round "2.9"]
[White "Nitin,S"]
[Black "Siddharth,Sabharishankar"]
[Result "1-0"]
[WhiteElo "2426"]
[BlackElo "2087"]

1.Nf3 d5 2.c4 e6 3.g3 Nf6 4.Bg2 Be7 5.O-O O-O 6.b3 c5 7.Bb2 Nc6 8.e3 b6 9.Nc3
Bb7 10.Rc1 Rc8 11.d3 dxc4 12.bxc4 Nb4 13.Ne1 Bxg2 14.Kxg2 Rc7 15.a3 Nc6 16.f4
Rd7 17.g4 Na5 18.Qf3 Ne8 19.f5 exf5 20.gxf5 Bf6 21.Kh1 Nc7 22.Rg1 Nb3 23.Rc2
Kh8 24.Ne4 Bxb2 25.Rxb2 Nc1 26.f6 g6 27.Qh3 Ne6 28.Qh6 Rg8 29.Nf3 Nxd3 30.Nfg5
Nf8 31.Nxh7 Nxh7 32.Ng5 Qa8+ 33.e4 {#r} 1-0

[Event "Deltalift Open 2017"]
[Site "Tylosand SWE"]
[Date "2017.05.26"]
[Round "5.9"]
[White "Ingbrandt,J"]
[Black "Harren,M"]
[Result "1-0"]
[WhiteElo "2359"]
[BlackElo "2090"]

1.Nf3 Nf6 2.c4 e6 3.g3 b6 4.Bg2 Bb7 5.O-O Be7 6.b3 c5 7.Bb2 O-O 8.Nc3 d5 9.e3
Nbd7 10.Qe2 Rc8 11.Rfd1 Qc7 12.Rac1 Qb8 13.cxd5 Nxd5 14.Nxd5 Bxd5 15.e4 Bb7
16.d4 Bf6 17.e5 Be7 18.d5 Bxd5 19.Rxd5 exd5 20.e6 Qd6 21.exd7 Qxd7 22.Rd1 d4
23.Bc1 Bf6 24.Bf4 Rfe8 25.Qa6 h6 26.h4 Re7 27.Ne1 Rce8 28.Nd3 Re2 29.Bf3 R2e7
30.Qc4 g5 31.hxg5 hxg5 32.Bc1 Kg7 33.b4 Qa4 34.Qd5 cxb4 35.Bxg5 Qc2 36.Bxf6+
Kxf6 37.Qxd4+ Kg6 38.Qxb4 Qxa2 39.Qg4+ Kh7 40.Kg2 Re6 41.Be4+ Rxe4 42.Rh1# 1-0

[Event "TCh-FRA Top 12 2017"]
[Site "Chartres FRA"]
[Date "2017.05.24"]
[Round "7.4"]
[White "Caron,D"]
[Black "Le Roux,JP"]
[Result "0-1"]
[WhiteElo "2024"]
[BlackElo "2538"]

1.Nf3 Nf6 2.c4 b6 3.Nc3 Bb7 4.Qc2 c5 5.e3 g6 6.Be2 Bg7 7.O-O O-O 8.d4 cxd4
9.Nxd4 Na6 10.Rd1 Nc5 11.f3 d5 12.b4 Na6 13.Rb1 Nc7 14.c5 e5 15.Ndb5 Ne6
16.Ba3 Bh6 17.f4 exf4 18.Nd6 Qe7 19.Nxb7 Qxb7 20.c6 Qxc6 21.b5 Qc7 22.Bxf8
Rxf8 23.Qd3 Rd8 24.Rbc1 Qe7 25.Bf3 fxe3 26.Ne2 Ng5 27.Rf1 Nfe4 28.Rc2 Nd2
29.Rfc1 Ngxf3+ 30.gxf3 Nxf3+ 31.Kg2 Nh4+ 32.Kh1 Qf6 {#R} 0-1

[Event "36th Zalakaros Open 2017"]
[Site "Zalakaros HUN"]
[Date "2017.05.26"]
[Round "9.32"]
[White "Almasi,I"]
[Black "Frolov,Artu"]
[Result "1-0"]
[WhiteElo "2398"]
[BlackElo "2410"]

1.c4 Nf6 2.g3 g6 3.Bg2 Bg7 4.Nc3 O-O 5.d4 c6 6.e4 d6 7.Nge2 e5 8.O-O Nbd7 9.h3
Re8 10.Be3 exd4 11.Nxd4 Nc5 12.Qc2 a5 13.Rad1 Qc7 14.Ndb5 cxb5 15.Nxb5 Qe7
16.Nxd6 Ncd7 17.f4 Rd8 18.e5 Ne8 19.Nxf7 Kxf7 20.Bd5+ Kf8 21.f5 Nxe5 22.fxg6+
Nf6 23.gxh7 Bxh3 24.Bh6 Ke8 25.Bxg7 Qxg7 26.Qh2 Nxh7 27.Qxh3 Rd7 28.Be4 Rxd1
29.Rxd1 Ng5 30.Qh5+ Ke7 31.Bg2 Rd8 32.Re1 Rd2 33.Qg4 Kd8 34.Qf4 Nef3+ 35.Kf1
Nh2+ 36.Kg1 Nhf3+ 37.Kf1 Nxe1 38.Qxd2+ Kc7 39.Qxe1 b6 40.Qe3 Qg6 41.Qf4+ Kd7
42.Kg1 Qb1+ 43.Kh2 Qh7+ 44.Qh4 Qg7 45.b3 Qe5 46.Qh6 Ne6 47.Qd2+ Ke7 48.Bd5 Nd4
49.Kg2 Nf5 50.Qg5+ Kd7 51.Kh3 Qh8+ 52.Kg4 Ne7 53.Qd2 Qg7+ 54.Kh3 Qh8+ 55.Kg2
Qe5 56.Bf3+ Ke8 57.Qh6 Qxg3+ 58.Kxg3 Nf5+ 59.Kf4 Nxh6 60.Bd5 Ke7 61.Kg5 Nf7+
62.Bxf7 Kxf7 63.Kf5 Ke7 64.Ke5 Kd7 65.Kd5 Kc7 66.c5 Kb7 67.c6+ Kc7 68.a3 {#r}
1-0

[Event "St Louis Spring Classic A"]
[Site "Saint Louis USA"]
[Date "2017.05.23"]
[Round "8.4"]
[White "Zherebukh,Y"]
[Black "Ipatov,Alexander"]
[Result "1-0"]
[WhiteElo "2632"]
[BlackElo "2662"]

1.Nf3 Nf6 2.c4 b6 3.g3 Bb7 4.Bg2 g6 5.O-O Bg7 6.d4 O-O 7.Nc3 Ne4 8.Nxe4 Bxe4
9.Be3 c5 10.Qd2 d6 11.Rac1 Nd7 12.Rfd1 Nf6 13.Bh6 Qc7 14.Bxg7 Kxg7 15.Ne1 Rad8
16.f3 Bb7 17.d5 b5 18.b3 bxc4 19.bxc4 e5 20.Nd3 Nd7 21.e4 Rde8 22.f4 Ba6
23.Re1 f6 24.Rc2 Nb6 25.Rec1 Qd7 26.a4 Rb8 27.Nb2 Qe7 28.Qa5 Bc8 29.Qc3 g5
30.Rf2 Bd7 31.Ra1 a5 32.fxg5 fxg5 33.Rxf8 Qxf8 34.Qxa5 Nxd5 35.Qd2 Nc7
36.Qxg5+ Kh8 37.Rf1 Qg7 38.Qd2 Ne6 39.a5 Nd4 40.Nd1 Rb3 41.a6 Be6 42.Ne3 Qh6
43.Ra1 Rb8 44.Qf2 Qg5 45.h4 Qd8 46.Nd5 Ra8 47.a7 Bxd5 48.exd5 Qd7 49.Qf6+ Kg8
50.Ra6 Qb7 51.Qxd6 Qb1+ 52.Kh2 Qb2 53.Kh3 Qb7 54.Qf6 Qd7+ 55.Kh2 e4 56.Bxe4
{#r} 1-0

[Event "Deltalift Open 2017"]
[Site "Tylosand SWE"]
[Date "2017.05.26"]
[Round "5.12"]
[White "Andersson,Ro"]
[Black "Kucuksari,Kaan"]
[Result "0-1"]
[WhiteElo "2088"]
[BlackElo "2310"]

1.Nf3 Nf6 2.c4 b6 3.Nc3 Bb7 4.e3 e6 5.b3 Be7 6.Bb2 O-O 7.d4 d5 8.Bd3 Nbd7
9.O-O c5 10.Qe2 Re8 11.cxd5 exd5 12.Ba6 Qc8 13.Bxb7 Qxb7 14.Rfd1 Rac8 15.dxc5
Nxc5 16.Nd4 Nce4 17.Nxe4 dxe4 18.Nf5 Rcd8 19.Rxd8 Rxd8 20.Rd1 g6 21.Rxd8+ Bxd8
22.Bxf6 Bxf6 23.Ng3 Be5 24.Nf1 f5 25.Qc4+ Kg7 26.Nd2 Qd7 27.Qc2 b5 28.Nf1 h5
29.Qe2 a6 30.f3 Qd5 31.fxe4 Qxe4 32.Nd2 Qc2 33.Kf2 Qxa2 34.Qd3 Qb2 35.Kf3 Bc3
36.Nb1 Be1 37.Qd4+ Qxd4 38.exd4 Bb4 39.d5 Kf6 40.h4 Ke5 41.d6 Kxd6 42.Kf4 Ke6
43.Kg5 Kf7 44.Nd2 {#R} 0-1

[Event "26th Chicago Open 2017"]
[Site "Chicago USA"]
[Date "2017.05.25"]
[Round "1.22"]
[White "Gurevich,D"]
[Black "Furfine,Jacob"]
[Result "1-0"]
[WhiteElo "2454"]
[BlackElo "2191"]
[EventType "swiss"]

1.Nf3 Nf6 2.c4 e6 3.Nc3 d5 4.e3 Be7 5.Qc2 c5 6.cxd5 exd5 7.d4 O-O 8.dxc5 Bxc5
9.Be2 Nc6 10.O-O Qe7 11.a3 Rd8 12.b4 Bd6 13.Nb5 Bb8 14.Bb2 Ne4 15.Rac1 Bg4
16.Nfd4 Bxe2 17.Qxe2 Ne5 18.Nf5 Qg5 19.Ng3 Ng4 20.Nc7 Nxg3 21.fxg3 Bxc7
22.Rxc7 f6 23.Bd4 b6 24.h4 Qg6 25.Qf3 h5 26.Qf5 Qxf5 27.Rxf5 Rdc8 28.Rd7 g6
29.Rxf6 Nxf6 30.Bxf6 Rc6 31.Bd4 a6 32.a4 Rc4 33.a5 bxa5 34.bxa5 Rb8 35.Rg7+
Kf8 36.Rxg6 Rb1+ 37.Kh2 Rcc1 38.g4 hxg4 39.Kg3 Rc2 40.Rxg4 Rg1 41.Kh2 Re1
42.Rg6 Ree2 43.h5 Rc7 44.Kh3 Rh7 45.g4 {#r} 1-0

[Event "26th Chicago Open 2017"]
[Site "Chicago USA"]
[Date "2017.05.28"]
[Round "6.15"]
[White "Macieja,B"]
[Black "Aaron,D"]
[Result "1-0"]
[WhiteElo "2530"]
[BlackElo "2320"]
[EventType "swiss"]

1.Nf3 Nf6 2.c4 d5 3.cxd5 Qxd5 4.Nc3 Qa5 5.d4 Ne4 6.Qb3 Nxc3 7.Qxc3 Qb6 8.a3 a5
9.Bf4 c6 10.e4 Nd7 11.Bd3 h6 12.O-O g5 13.d5 Rg8 14.Be3 c5 15.Rab1 Bg7 16.Qc2
g4 17.Nd2 Qd6 18.Rfc1 b6 19.b4 axb4 20.axb4 Be5 21.g3 Ba6 22.Bxa6 Rxa6 23.bxc5
bxc5 24.Rb7 Ra3 25.Nc4 Qa6 26.Rxd7 Rc3 27.Qe2 Qxc4 28.Qxc4 Rxc4 29.Rxe7+ Kxe7
30.Rxc4 Bd4 31.Bxd4 cxd4 32.Rxd4 Kd6 33.Ra4 Ke5 34.Kg2 Rb8 35.Ra7 Rf8 36.Re7+
Kd6 37.Rb7 Ke5 38.Rb4 h5 39.f4+ gxf3+ 40.Kxf3 f5 41.exf5 Rxf5+ 42.Rf4 Rg5
43.Kg2 Kxd5 44.Kh3 Ke6 45.Kh4 Ra5 46.Rf8 Ke7 47.Rh8 Kf6 48.Rh6+ Kg7 49.Rxh5
Ra4+ 50.g4 Kg6 51.Rg5+ Kh6 52.Rb5 Ra6 53.Rb3 Rc6 54.Rb4 Kg6 55.h3 Ra6 56.g5
Rc6 57.Kg4 Ra6 58.h4 Rc6 59.h5+ Kh7 60.Rb7+ Kg8 61.g6 Rc5 62.Rd7 Ra5 63.h6
Ra4+ 64.Kf5 Ra5+ 65.Ke6 Ra6+ 66.Rd6 Ra8 67.Ke7 {#r} 1-0

[Event "4th Gligoric Cup 2017"]
[Site "Novi Banovci SRB"]
[Date "2017.05.25"]
[Round "1.9"]
[White "Srdjanov,S"]
[Black "Ivkovic,Dragan B"]
[Result "1-0"]
[WhiteElo "2113"]
[BlackElo "2039"]

1.Nf3 d6 2.c4 g6 3.Nc3 Bg7 4.g3 Nf6 5.Bg2 O-O 6.O-O c6 7.e4 Bg4 8.h3 Bxf3
9.Bxf3 e5 10.d3 Nbd7 11.Be3 h6 12.b4 Qe7 13.Rb1 Ne8 14.Qd2 Kh7 15.Bg2 Nc7
16.Ne2 Ne6 17.d4 Nb6 18.Rfc1 exd4 19.Nxd4 Nxd4 20.Bxd4 Bxd4 21.Qxd4 c5 22.Qd2
f5 23.exf5 Rxf5 24.Bd5 Re5 25.Re1 Re8 26.Rxe5 Qxe5 27.bxc5 dxc5 28.Bxb7 Nxc4
29.Qc1 Nb6 30.Qa3 Nc4 31.Qxa7 Re7 32.Qa8 Qf5 33.Rc1 Re2 34.Bf3 Rc2 35.Qb7+ Kh8
36.Re1 {#r} 1-0

[Event "Bodensee Open 2017"]
[Site "Bregenz AUT"]
[Date "2017.05.25"]
[Round "6.4"]
[White "Osterwald,E"]
[Black "Henrichs,T"]
[Result "0-1"]
[WhiteElo "2184"]
[BlackElo "2482"]

1.c4 Nf6 2.Nc3 d5 3.cxd5 Nxd5 4.Nf3 g6 5.h4 Bg7 6.h5 Nc6 7.Qb3 Nb6 8.Ng5 e6
9.d3 h6 10.Nf3 g5 11.g4 a5 12.a3 a4 13.Qc2 f5 14.Bh3 Bd7 15.Be3 Na5 16.Rd1 Nb3
17.O-O O-O 18.Bxb6 cxb6 19.d4 fxg4 20.Bxg4 Rf4 21.Nh2 Nxd4 22.Qd3 Bc6 23.Qh3
Qf6 24.e3 Rxg4+ 25.Qxg4 Nf3+ 26.Nxf3 Bxf3 27.Qc4 g4 28.Qc7 Qh4 29.Qh2 Qxh2+
30.Kxh2 Ra5 31.Rd8+ Kh7 32.Rd7 Rxh5+ 33.Kg3 e5 34.Ne2 Rh3# 0-1

[Event "4th Gligoric Cup 2017"]
[Site "Novi Banovci SRB"]
[Date "2017.05.26"]
[Round "2.5"]
[White "Sirotanovic,O"]
[Black "Gajin,N"]
[Result "0-1"]
[WhiteElo "2215"]
[BlackElo "2088"]

1.c4 Nf6 2.Nc3 g6 3.g3 Bg7 4.Bg2 O-O 5.e4 d6 6.Nge2 c6 7.O-O Bg4 8.f3 Bd7 9.d4
c5 10.dxc5 dxc5 11.e5 Ne8 12.f4 Nc6 13.Be3 b6 14.Qd2 Qc8 15.Rad1 Bh3 16.Bxh3
Qxh3 17.Qd7 Qxd7 18.Rxd7 f6 19.e6 Nd6 20.b3 Rfd8 21.Rc7 Rac8 22.Rxc8 Rxc8
23.Nd5 Kf8 24.g4 f5 25.h3 Nd8 26.Bf2 Nxe6 27.Bh4 Re8 28.Rd1 Nd4 29.Nxd4 Bxd4+
30.Kg2 Kf7 31.a4 e6 32.Nc7 Rc8 33.Nb5 Nxb5 34.cxb5 Rc7 35.Kf3 Rd7 36.Ke2 Rd5
37.Rd2 Bf6 38.Bf2 Ke7 39.a5 Rxd2+ 40.Kxd2 Kd6 41.a6 Bd8 42.Kd3 Kd5 43.Be1 Bc7
44.Bh4 fxg4 45.hxg4 Bxf4 46.Bd8 Bb8 47.g5 e5 48.Kc3 e4 49.Be7 Be5+ 50.Kd2 c4
51.Bd8 c3+ 52.Kc2 Kc5 53.Be7+ Kxb5 54.Bf6 Bf4 55.Kxc3 Kxa6 56.Kd4 e3 57.Kd3
Kb5 58.Ke2 {#R} 0-1

[Event "4th Gligoric Cup 2017"]
[Site "Novi Banovci SRB"]
[Date "2017.05.27"]
[Round "3.2"]
[White "Gajin,N"]
[Black "Drazic,S"]
[Result "0-1"]
[WhiteElo "2088"]
[BlackElo "2427"]

1.c4 Nf6 2.Nc3 c6 3.g3 d5 4.cxd5 cxd5 5.d4 Nc6 6.Bg2 Bf5 7.Nf3 e6 8.O-O h6
9.Qb3 a6 10.Bf4 Na5 11.Qd1 Rc8 12.Ne5 Be7 13.Re1 O-O 14.e4 Nxe4 15.Nxe4 dxe4
16.Bxe4 Bxe4 17.Rxe4 Qd5 18.Qd3 Nc6 19.Nxc6 Rxc6 20.Re5 Qc4 21.Qe4 Rd8 22.Be3
Bf6 23.Rc1 Qxc1+ 24.Bxc1 Rxc1+ 25.Kg2 Bxe5 26.dxe5 b5 27.b3 Rd5 28.f4 g6 29.h4
h5 30.f5 Rd2+ 31.Kh3 gxf5 32.Qa8+ Kg7 {#R} 0-1

[Event "TCh-FRA Top 12 2017"]
[Site "Chartres FRA"]
[Date "2017.05.28"]
[Round "11.6"]
[White "Pelletier,Y"]
[Black "Decosse,J"]
[Result "1-0"]
[WhiteElo "2543"]
[BlackElo "2216"]

1.Nf3 Nf6 2.c4 e6 3.g3 b6 4.Bg2 Bb7 5.O-O Be7 6.Nc3 O-O 7.Re1 d5 8.cxd5 Nxd5
9.e4 Nxc3 10.bxc3 c5 11.d4 Nc6 12.d5 exd5 13.exd5 Na5 14.Ne5 Bf6 15.Qd3 c4
16.Qf3 Re8 17.Bf4 g5 18.Ng4 Rxe1+ 19.Rxe1 Bg7 20.Be5 Bxe5 21.Nh6+ {#r} 1-0

[Event "4th Gligoric Cup 2017"]
[Site "Novi Banovci SRB"]
[Date "2017.05.25"]
[Round "1.9"]
[White "Gajin,N"]
[Black "Kovacevic,Si"]
[Result "1-0"]
[WhiteElo "2088"]
[BlackElo "2221"]

1.c4 Nf6 2.Nc3 e6 3.Nf3 d5 4.g3 c6 5.Bg2 Nbd7 6.O-O Bd6 7.d3 O-O 8.Rb1 Qe7
9.a3 a5 10.Bd2 Re8 11.Qc2 Nb6 12.Na2 a4 13.Rfc1 Nbd7 14.Nc3 Nc5 15.Rd1 e5
16.cxd5 cxd5 17.d4 exd4 18.Nxd4 Be6 19.Bg5 Be5 20.Bxd5 Red8 21.Nxe6 fxe6
22.Bf3 Rdc8 23.Bxf6 Qxf6 24.Ne4 Qf5 25.Qc4 Nb3 26.Qb4 Rc7 27.Nd6 Bxd6 28.Qxd6
Rac8 29.Qb4 b5 30.Bg4 Qg6 31.Bf3 Qf5 32.Qe4 Rc2 33.Qxf5 exf5 34.Bd5+ Kf8
35.Bxb3 axb3 36.Kf1 Ke7 37.Rd3 Rd8 38.Rxb3 Rdd2 39.Rxb5 Rxe2 40.Rxf5 Ke6
41.Rf4 g5 42.Rf8 Ke7 43.Rf3 Rxb2 44.Rxb2 Rxb2 45.Rf5 h6 46.Ra5 Kf7 47.a4 Ra2
48.Ra8 Kg7 49.a5 g4 50.a6 Kg6 51.Kg2 Ra1 52.h3 h5 53.hxg4 hxg4 54.a7 Kg7
55.Rb8 {#r} 1-0

[Event "26th Chicago Open 2017"]
[Site "Chicago USA"]
[Date "2017.05.25"]
[Round "1.43"]
[White "Mattson,D"]
[Black "Larrua Gonzalez,F"]
[Result "0-1"]
[WhiteElo "2052"]
[BlackElo "2367"]
[EventType "swiss"]

1.c4 Nf6 2.Nc3 e6 3.e4 d5 4.e5 d4 5.exf6 dxc3 6.bxc3 Qxf6 7.d4 c5 8.Nf3 h6
9.Rb1 Bd6 10.Bd3 Nc6 11.O-O O-O 12.Qe2 Qe7 13.Ne5 Qc7 14.Nxc6 bxc6 15.Qh5 e5
16.Be3 cxd4 17.cxd4 Re8 18.c5 Bf8 19.Qf3 exd4 20.Bxd4 Be6 21.Be4 Rac8 22.Rbc1
Red8 23.Bc3 Bd5 {#R} 0-1

[Event "36th Zalakaros Open 2017"]
[Site "Zalakaros HUN"]
[Date "2017.05.23"]
[Round "6.48"]
[White "Varga,Kl"]
[Black "Tompa,J"]
[Result "1-0"]
[WhiteElo "2240"]
[BlackElo "2392"]

1.c4 e5 2.g3 c6 3.Bg2 d5 4.cxd5 cxd5 5.d4 exd4 6.Nf3 Bb4+ 7.Bd2 Be7 8.Nxd4 Nc6
9.Qa4 Nf6 10.Nc3 O-O 11.O-O Qb6 12.Be3 Bc5 13.Rad1 Be6 14.Nxe6 fxe6 15.Bxc5
Qxc5 16.Nb5 Rf7 17.Rc1 Qb6 18.e3 Ne5 19.Nd4 Nd3 20.Rb1 e5 21.Qa3 Nxf2 22.Nf5
N2g4 23.h3 g6 24.Ne7+ Rxe7 25.Qxe7 Qxe3+ 26.Kh1 Re8 27.Bxd5+ Kh8 28.Qf7 Qxg3
29.hxg4 Qh3+ 30.Kg1 Qxg4+ 31.Bg2 {#r} 1-0

[Event "Groninger Combinatie Open"]
[Site "Groningen NED"]
[Date "2017.05.27"]
[Round "5.3"]
[White "Ernst,S"]
[Black "Dessing,B"]
[Result "1-0"]
[WhiteElo "2550"]
[BlackElo "2049"]

1.c4 e5 2.g3 Nf6 3.Bg2 Nc6 4.Nc3 Bb4 5.e4 O-O 6.Nge2 d6 7.O-O Bc5 8.d3 Be6
9.h3 Ne8 10.Kh2 a6 11.f4 f6 12.f5 Bf7 13.g4 Ne7 14.g5 c6 15.Ng3 Qd7 16.Qg4 Rd8
17.Nh5 Bxh5 18.Qxh5 fxg5 19.Bxg5 Nf6 20.Qh4 b5 21.Rae1 b4 22.Nd1 Bd4 23.Ne3
Bxe3 24.Bxe3 a5 25.Bf3 d5 26.Re2 d4 27.Bg5 Kh8 28.c5 Rb8 29.Qg3 Qc7 30.Rg2
Neg8 31.Bd1 Rb7 32.Bb3 Ra7 33.Be6 Rb7 34.Kh1 a4 35.Rfg1 Nh5 36.Qh4 Ngf6 37.Bd2
Qe7 38.Rg5 Qe8 39.Kh2 h6 40.Rg6 b3 41.a3 Re7 42.Bc4 Ra7 43.R1g2 Rb7 44.Rg1 Ra7
45.Kh1 Rb7 46.Qf2 Ra7 47.Qh2 Rb7 48.Be6 Qb8 49.Qf2 Qe8 50.Qe1 Re7 51.Bc4 Rb7
52.Qe2 Ra7 53.Kh2 Rb7 54.Bc1 Ra7 55.R1g2 Rb7 56.Kg1 Ra7 57.Kf1 Rb7 58.Ke1 Re7
59.Kd1 Ra7 60.Bd2 Rb7 61.Rg1 Ra7 62.Qh2 Re7 63.R1g4 Nxg4 64.hxg4 Nf4 65.Bxf4
exf4 66.g5 Rxf5 67.Rxg7 Rxg7 68.exf5 f3 69.Be6 h5 70.g6 Re7 71.Qe5+ Rg7 72.f6
Qxg6 73.fxg7+ Qxg7 74.Qxh5+ Qh7 75.Qxh7+ {#r} 1-0